| Поле | Инд. | ПП | Название | Значение |
|---|---|---|---|---|
| Тип записи | a | |||
| Библиографический уровень | m | |||
| 001 | Контрольный номер | 32e9f6aa51b14363ac676794a9dc4e14 | ||
| 005 | Дата корректировки | 20231121154446.1 | ||
| 010 | d | Цена | 53.88 | |
| a | ISBN | 978-5-9929-1268-5 | ||
| 101 | 0_ | a | Язык текста | rus |
| 102 | a | Страна публикации | RU | |
| 200 | 1_ | a | Заглавие | Web-дизайн: технологии разработки дизайн-макетов сайтов |
| b | Общее обозначение материала | Текст | ||
| e | Сведения, относящиеся к заглавию | учеб.-метод. пособие | ||
| 210 | 1_ | a | Место издания | Орел |
| c | Издательство | Изд-во ОГУ имени И. С. Тургенева | ||
| d | Дата издания | 2023 | ||
| 215 | a | Объем | 53 с. | |
| c | Иллюстрации/тип воспроизводства | ил | ||
| 330 | a | Аннотация | Учебно-методическое пособие разработано с целью оказания помощи студентам при разработке дизайн-макетов сайтов. В пособии рассмотрены стадии работы над дизайном продукта, приведен комплекс теоретических и практических данных. Предназначено для студентов 2-4-х курсов, обучающихся по направлению подготовки 54.03.01 «Дизайн», направленность (профиль) «Дизайн графический». Может быть полезно для студентов направления подготовки 54.04.01 «Дизайн», профиль «Инновационные технологии в дизайне и рекламе». | |
| 606 | a | Основная рубрика | WEB-дизайн | |
| 610 | 0_ | a | Ключевые слова | РИО |
| a | Ключевые слова | полнотекстовые документы | ||
| a | Ключевые слова | ОГУ имени И. С. Тургенева | ||
| a | Ключевые слова | Web-дизайн | ||
| a | Ключевые слова | дизайн-макет сайта | ||
| a | Ключевые слова | дизайн сайта | ||
| 675 | a | Индекс УДК | 004.92(075.8) | |
| 700 | _1 | a | Фамилия | Амелина |
| b | Имя | О. Ю. | ||
| g | Полное личное имя | Ольга Юрьевна | ||
| 801 | _0 | a | Страна | RU |
| b | Организация | ОГУ имени И. С. Тургенева, НБ | ||
| g | Правила каталогизации | PSBO | ||
| 801 | _1 | a | Страна | RU |
| b | Организация | ОГУ имени И. С. Тургенева, НБ | ||
| g | Правила каталогизации | PSBO | ||
| 852 | i | Авторский знак | А 615 | |
| j | Шифр хранения | 004 | ||
| 900 | a | Макрообъекты | amelina_web_dizain | |
| 901 | t | Тип документа | m | |
| 952 | a | Тип литературы для КСУ ВШ | учебная | |
| c | Вид литературы | учебно-методическое издание |